000 00317nam a22001457a 4500
003 SGT
020 _a8170128161
082 _a382
_bRAI
100 _aRAI , SHEELA
245 _aANTI DUMPING MEASURES UNDER GATT/WTO
250 _a1
260 _aLUCKNOW
_bEASTERN BOOK HOUSE
_c2004
300 _a494
942 _2ddc
_cBK
999 _c25178
_d25178